NLSUI OPAC header image

Right to food & law in India : (Record no. 30216)

MARC details
000 -LEADER
fixed length control field 01827cam a2200265 i 4500
001 - CONTROL NUMBER
control field 18166195
005 - DATE AND TIME OF LATEST TRANSACTION
control field 20260316050109.0
008 - FIXED-LENGTH DATA ELEMENTS--GENERAL INFORMATION
fixed length control field 140528s2012 ii bl 000 0 eng
010 ## - LIBRARY OF CONGRESS CONTROL NUMBER
LC control number 2014347922
025 ## - OVERSEAS ACQUISITION NUMBER
Overseas acquisition number I-E-2014-347922; 85-90
040 ## - CATALOGING SOURCE
Original cataloging agency DLC
Language of cataloging eng
Description conventions rda
Transcribing agency DLC
050 ## - LIBRARY OF CONGRESS CALL NUMBER
Classification number 341.481 CEN
245 00 - TITLE STATEMENT
Title Right to food & law in India :
Remainder of title matters concerning children's right to food /
264 #1 - PRODUCTION, PUBLICATION, DISTRIBUTION, MANUFACTURE, AND COPYRIGHT NOTICE
Place of production, publication, distribution, manufacture Bangalore :
Name of producer, publisher, distributor, manufacturer National Law School of India University,
Date of production, publication, distribution, manufacture, or copyright notice 2012.
300 ## - PHYSICAL DESCRIPTION
Extent ix, 151 p. ;
Dimensions 22 cm
504 ## - BIBLIOGRAPHY, ETC. NOTE
Bibliography, etc. note Includes bibliographical references (pages 81-86).
505 ## - FORMATTED CONTENTS NOTE
Formatted contents note • Acknowledgements<br/>• Foreword<br/>• Introduction<br/>• I . Right to food and food security;<br/>• II . Right to food for children;<br/>• III. International law framework;<br/>• IV . Comparative jurisdictions :provision of right to food in other countries<br/>• Right to food as directive to the state<br/>• Right to food as a constitutional right<br/>• Lessons for Indian context<br/>• V . Right to food in India :The Law in its evolution;<br/>• VI. Right to food and role of judiciary in India;<br/>• VII. Role of judiciary in operationalization of right to food for children;<br/>• VIII . The realization of right to food for children issues and concerns;<br/>• IX . Right to food and the proposed legal frame work expectations and contradictions.<br/>• Acronyms<br/>• References<br/>• Annexure: Diversity in vision: comparative overview of the proposed drafts of law on food security.
650 #0 - SUBJECT ADDED ENTRY--TOPICAL TERM
Topical term or geographic name entry element Right to food
Geographic subdivision India.
650 #0 - SUBJECT ADDED ENTRY--TOPICAL TERM
Topical term or geographic name entry element Children's rights
Geographic subdivision India.
710 2# - ADDED ENTRY--CORPORATE NAME
Corporate name or jurisdiction name as entry element Centre for Child and the Law -- NLSIU
856 ## - ELECTRONIC LOCATION AND ACCESS
Uniform Resource Identifier <a href="https://dans.nls.ac.in/items/e8b991bc-4307-4e01-b054-869f4e17839d">https://dans.nls.ac.in/items/e8b991bc-4307-4e01-b054-869f4e17839d</a>
Link text Click here to access online copy
906 ## - LOCAL DATA ELEMENT F, LDF (RLIN)
a 7
b cbc
c origode
d 3
e ncip
f 20
g y-gencatlg
942 ## - ADDED ENTRY ELEMENTS (KOHA)
Source of classification or shelving scheme Dewey Decimal Classification
Koha item type BOOKs
Holdings
Withdrawn status Lost status Damaged status Not for loan Home library Current library Shelving location Date acquired Total Checkouts Total Renewals Full call number Barcode Date last seen Date last checked out Price effective from Koha item type
        . .   30.05.2017 2 2 341.481 CEN-1 27547 23.08.2025 01.08.2023 30.05.2017 BOOKs
        . .   30.05.2017     341.481 CEN-2 27548 30.05.2017   30.05.2017 BOOKs
        . .   30.05.2017     341.481 CEN-3 27549 30.05.2017   30.05.2017 BOOKs
        . . Library Compactors 30.05.2017     341.481 CEN-4 27550 30.05.2017   30.05.2017 BOOKs
        . . Library Compactors 30.05.2017     341.481 CEN-5 27551 30.05.2017   30.05.2017 BOOKs